Statistics for Countries with the Highest Rate of Firearm Related Deaths

Click here to take the quiz!

General Stats

  • This quiz has been taken 47 times
  • The average score is 15 of 20

Answer Stats

RateCountry% Correct
10.54United States
100%
21.20Brazil
92%
7.50Costa Rica
89%
34.10Guatemala
89%
7.64Mexico
89%
59.18Venezuela
89%
25.94Colombia
87%
26.77El Salvador
87%
67.18Honduras
87%
4.68Nicaragua
87%
15.11Panama
87%
5.53Peru
84%
6.36Argentina
79%
30.72Jamaica
74%
7.76Paraguay
74%
11.52Uruguay
71%
8.30South Africa
61%
8.90Philippines
24%
37.16Swaziland
24%
8.91Montenegro
5%

Score Distribution

Percentile by Number Answered

Percent of People with Each Score

Your Score History

You have not taken this quiz